000 003120000a22001330004500
003 MACL
040 _aMACL
090 _c41308
_d41306
100 _aDas, Durga
245 _aSardar Patels Correspondence 1945-50
_bVol 2
260 _bNavajivan Publishing House
_c1972
650 _aLetters
942 _cRBKS
_k824/DAS
999 _c40867
_d40867